Fisheries socieconomics in the developing world: regional assessments and annotated bibliography
Guardat en:
| Autor principal: | |
|---|---|
| Format: | Llibre |
| Idioma: | anglès |
| Publicat: |
Ottawa
International Development Research Centre
1994
|
| Matèries: | |
| Etiquetes: |
Afegir etiqueta
Sense etiquetes, Sigues el primer a etiquetar aquest registre!
|
MARC
| LEADER | 00000nam a2200000 a 4500 | ||
|---|---|---|---|
| 001 | UCY1327 | ||
| 003 | CL-VaPUC | ||
| 008 | 940829e19940000CN |||||||||||||||||eng|d | ||
| 082 | 0 | 4 | |a 338.3727 |b CHA |2 21 |
| 100 | 0 | |a Charles, Anthony T |e author |9 329277 | |
| 245 | 1 | 0 | |a Fisheries socieconomics in the developing world: regional assessments and annotated bibliography |
| 300 | |a 163 p | ||
| 942 | |c BK | ||
| 945 | |d 19940829 00:00:00 |a mfernand | ||
| 260 | |a Ottawa |b International Development Research Centre |c 1994 | ||
| 650 | 7 | |a INDUSTRIA PESQUERA ASPECTOS ECONOMICOS |2 CL-VaPUC |9 329278 | |
| 583 | |a last modification |c 19940829 00:00:00 |k Rodrigo Vera | ||
| 999 | |c 230068 |d 230066 | ||